01265nam a2200313 a 4500001001200000003000800012006001900020007001500039008004100054010001700095020002000112040002100132035002000153050002400173082001800197100002100215245008700236260006800323300001700391490004700408504006400455533015200519650004300671655002900714710001700743830004800760856012600808999001700934ebr10014887CaPaEBRm u cr cn|||||||||981029s1999 enk sb 001 0 eng  z 98043621  z0521622328 (hb) aCaPaEBRcCaPaEBR a(OCoLC)5102917414aKD7228b.P65 1999eb04a347.41/022211 aPolden, Patrick.12aA history of the county court, 1846-1971h[electronic resource] /cPatrick Polden. aCambridge, UK ;aNew York :bCambridge University Press,c1999. axxii, 403 p.1 aCambridge studies in English legal history aIncludes bibliographical references (p. 359-387) and index. aElectronic reproduction.bPalo Alto, Calif. :cebrary,d2013.nAvailable via World Wide Web.nAccess may be limited to ebrary affiliated libraries. 0aCounty courtszGreat BritainxHistory. 7aElectronic books.2local2 aebrary, Inc. 0aCambridge studies in English legal history.40uhttp://site.ebrary.com/lib/rucke/Doc?id=10014887zAn electronic book accessible through the World Wide Web; click to view c26724d26724